Příručka hospodářského práva EU (základy vnitřního trhu, ochrana životního prostředí a ochrana spotřebitele)

Guardado en:
Detalles Bibliográficos
Otros Autores: Dauses, Manfred A., Zemánek, Jiří
Formato: Libro
Lenguaje:checo
Publicado: Praha ASPI Publishing 2002
Materias:
Etiquetas: Agregar Etiqueta
Sin Etiquetas, Sea el primero en etiquetar este registro!

MARC

LEADER 00000nam a2200000 4500
001 c140525
005 20221124094749.4
020 |a 80-86395-32-4 
041 0 |a cze 
044 |a CZ 
245 1 0 |a Příručka hospodářského práva EU  |b (základy vnitřního trhu, ochrana životního prostředí a ochrana spotřebitele)  |c editor: Manfred A. Dauses ; editor českého překladu: Jiří Zemánek 
264 1 |a Praha  |b ASPI Publishing  |c 2002 
300 |a 754 s. 
610 2 0 |a právo hospodárske 
610 2 0 |a integrácia ekonomická medzinárodná 
610 2 0 |a trh vnútorný 
610 2 0 |a ochrana prostredia životného 
610 2 0 |a ochrana spotrebiteľa 
610 2 0 |a terminológia 
610 2 0 |a spolupráca hospodárska medzinárodná 
610 2 0 |a Európska únia 
700 1 |a Dauses, Manfred A. 
700 1 |a Zemánek, Jiří